LEADER 01499nam a2200277 u 4500 001 000000108326 003 CaOOAMICUS 005 20071121113221.0 008 071121s1992 it u000 u ita u 020 $a88-13-17614-7 040 $aPUL$bita$dLDB 100 1 $aFranchini, Claudio.$0(OLS)http://pul/name/29059 245 10$aAmministrazione italiana e amministrazione comunitaria :$bla coamministrazione nei settori di interesse comunitario /$cClaudio Franchini. 260 $aPadova :$bCEDAM,$c1992. 300 $axii, 244 p. ;$c25 cm. 490 1 $aPubblicazioni dell'Istituto di diritto pubblico della Facoltŕ di giurisprudenza / Universitŕ degli studi di Roma.$aSerie 3 ;$v68 500 $aContiene indici. 504 $aBibliografia in nota. 650 4$aAmministrazione pubblica$zItalia.$0(OLS)http://pul/subject/18070 830 0$aPubblicazioni dell'Istituto di diritto pubblico della Facoltŕ di giurisprudenza (Universitŕ degli studi di Roma "La Sapienza").$nSerie 3 ;$v68.$0(OLS)http://pul/title/64625 850 $aPUL 852 $aPUL$W1$xSL Diritto e Scienze Sociali 1$y4$m167 H 68$j123413$qStampati$B122356$CPULBib$Z2$F122356 $H69353 $82 941 1 $a8 996 $6020$a88-13-17614-7$9(OLS)http://pul/number/136292 996 $6245$aAmministrazione italiana e amministrazione comunitaria :$bla coamministrazione nei settori di interesse comunitario$9(OLS)http://pul/title/136321 996 $6260$aPadova :$bCEDAM$9(OLS)http://pul/publisher/48126 LEADER 01713nam a2200349 a 4500 001 000000123289 003 CaOOAMICUS 005 20101011101922.0 008 101011t2010 it u000 u ita r 020 $a978-88-15-13810-1 040 $aPUL$bita 100 1 $aAlfieri, Fernanda.$0(OLS)http://pul/name/77597 245 10$aNella camera degli sposi :$bTomás Sánchez, il matrimonio, la sessualitŕ (secoli 16.-17.) /$cdi Fernanda Alfieri. 260 $aBologna :$bIl Mulino,$c©2010. 300 $a423 p. ;$c22 cm 490 1 $aAnnali dell'Istituto storico italo-germanico. Monografie ;$v55 500 $aNell'occhietto: Fondazione Bruno Kessler. 500 $aInclude indice. 504 $aBibliografia : p. 369-412. 600 14$aSánchez, Tomás Antonio,$c1725-1802.$0(OLS)http://pul/subject/27511 650 4$aSesso$xAspetti morali e religiosi.$0(OLS)http://pul/subject/6711 650 4$aMatrimonio$xAspetti morali e religiosi.$0(OLS)http://pul/subject/69 710 2 $aIstituto trentino di cultura.$0(OLS)http://pul/name/53930 710 2 $aFondazione Bruno Kessler.$0(OLS)http://pul/name/77596 830 0$aAnnali dell'Istituto storico italo-germanico in Trento.$pMonografie ;$v55.$0(OLS)http://pul/title/131103 850 $aPUL 852 $aPUL$W1$xDP1 Riviste Correnti$y15$m1094 D 1.55$j141827$qPeriodici$B140820$CPULBib$Z2$F140820 $H114943 $82 941 1 $a5 996 $6020$a978-88-15-13810-1$9(OLS)http://pul/number/145566 996 $6245$aNella camera degli sposi :$bTomás Sánchez, il matrimonio, la sessualitŕ (secoli 16.-17.)$9(OLS)http://pul/title/155379 996 $6260$aBologna :$bIl Mulino$9(OLS)http://pul/publisher/47928